000 01690nam0a2200409 4500
001 RU\NLR\BIBL_A\022287784
005 20240820115408.0
010 _a978-5-907498-66-2
_9500
021 _aRU
_bКН-П-24-036477
_9КН-П-24-3657
035 _a(NLR Aleph) 022287784
090 _a13230377
_c13230377
100 _a20240801d2024 k y0rusy50 ca
101 0 _arus
_deng
102 _aRU
105 _ay z 000zy
181 0 _ai4
_baxxe
182 0 _an
200 1 _aКогнитивный смысл поэтического
_dThe cognitive sense of poetry
_fЮ. С. Моркина
_gРоссийская академия наук, Институт философии
_zeng
203 _aТекст
_bвизуальный
_cнепосредственный
210 _aМосква
_cЯСК
_d2024
215 _a254, [1] с.
_d22
300 _aАвт. также на англ. яз.: Julia S. Morkina
300 _aРез. на англ. яз.
320 _aБиблиогр.: с. 249-254 и в подстроч. примеч.
320 _aДр. кн. авт.: с. 247-248
510 1 _6z22790
_aThe cognitive sense of poetry
_zeng
606 1 _aПоэзия
_xТеория
_2nlr_sh1
_2nlr_sh2
_3RU\NLR\AUTH\66122719
606 1 _aПоэзия и философия
_2nlr_sh1
_2nlr_sh2
_3RU\NLR\AUTH\661307154
686 1 _aШ401.45
686 1 _aШ400.04
686 1 _aЮ802.452.1
700 1 _aМоркина
_bЮ. С.
_f1977-
_gЮлия Сергеевна
_3RU\NLR\AUTH\770171818
790 1 _6z22510
_aMorkina
_bJu. S.
_f1977-
_gJulija Sergeevna
_3RU\NLR\AUTH\770171819
942 _cBOOK
980 _aNB